[Event "Hannover Region-ch"]
[Site "Hannover"]
[Date "2015.01.24"]
[Round "2"]
[White "Hellwig, Ralf"]
[Black "Bartel, Reinhard"]
[Result "0-1"]
[WhiteElo "1949"]
[BlackElo "1601"]
[PlyCount "35"]
[EventDate "2015.01.10"]
[EventType "swiss"]
[EventRounds "7"]
[EventCountry "GER"]
[SourceTitle "EXT 2021"]
[Source "ChessBase"]
[SourceDate "2020.10.23"]
[SourceVersion "1"]
[SourceVersionDate "2020.10.23"]
[SourceQuality "1"]

1. d4 Nf6 2. Nf3 e6 3. c4 d5 4. e3 c5 5. Nc3 Nc6 6. Bd3 Be7 7. 0-0 0-0 8. a3 b6 9. b3 Bb7 10. Bb2 dxc4 11. bxc4 cxd4 12. exd4 Kh8 13. Bc2 Na5 14. Ne5 Rc8 15. Qd3 Nxc4 16. Nxc4 Ba6 17. Ne4 Bxc4 18. Nxf6 0-1

[Event "Hannover Region-ch"]
[Site "Hannover"]
[Date "2008.04.12"]
[Round "7"]
[White "Hellwig, Ralf"]
[Black "Zakidyshev, Gennadiy"]
[Result "1/2-1/2"]
[WhiteElo "1959"]
[BlackElo "1867"]
[PlyCount "123"]
[EventDate "2008.01.12"]
[EventType "swiss"]
[EventRounds "7"]
[EventCountry "GER"]
[SourceTitle "EXT 2021"]
[Source "ChessBase"]
[SourceDate "2020.10.23"]
[SourceVersion "1"]
[SourceVersionDate "2020.10.23"]
[SourceQuality "1"]

1. d4 Nf6 2. Nf3 g6 3. c4 Bg7 4. Nc3 0-0 5. e4 d6 6. Be2 e5 7. d5 a5 8. 0-0 Nbd7 9. Ne1 Nc5 10. Qc2 Ng4 11. Bxg4 Bxg4 12. Be3 f5 13. f3 Bh5 14. Nd3 Nxd3 15. Qxd3 f4 16. Bf2 g5 17. c5 g4 18. fxg4 Bxg4 19. cxd6 cxd6 20. Nb5 f3 21. g3 Bh6 22. Be3 f2+ 23. Rxf2 Rxf2 24. Bxf2 Qf6 25. Rf1 Bh3 26. Re1 Rf8 27. Qe2 Rc8 28. Nc3 Rf8 29. Nd1 Qg6 30. Bb6 Bg4 31. Qc2 Rc8 32. Nc3 Bh3 33. Be3 Bxe3+ 34. Rxe3 Rf8 35. Re1 h5 36. Nd1 Rc8 37. Qd2 Bg4 38. Nf2 Bd7 39. Rc1 Rf8 40. Rc7 Bg4 41. Rxb7 Qf6 42. Rb3 Bf3 43. Re3 h4 44. Re1 hxg3 45. hxg3 Qg6 46. Kh2 Rf7 47. g4 Bxg4 48. Nxg4 Qxg4 49. Qg2 Qxg2+ 50. Kxg2 Rb7 51. Re2 Kg7 52. Kf3 Kg6 53. Rg2+ Kh5 54. Ke3 a4 55. Kd3 Rb4 56. Rc2 Kg4 57. Ke3 Kg5 58. Rg2+ Kf6 59. Rf2+ Kg6 60. Kd3 Kg5 61. Ke3 Kg6 62. Rg2+ 1/2-1/2

[Event "Hannover Region-ch"]
[Site "Hannover"]
[Date "2008.02.27"]
[Round "5"]
[White "Hantak, Adam"]
[Black "Hellwig, Ralf"]
[Result "1-0"]
[WhiteElo "2029"]
[BlackElo "1959"]
[PlyCount "83"]
[EventDate "2008.01.12"]
[EventType "swiss"]
[EventRounds "7"]
[EventCountry "GER"]
[SourceTitle "EXT 2021"]
[Source "ChessBase"]
[SourceDate "2020.10.23"]
[SourceVersion "1"]
[SourceVersionDate "2020.10.23"]
[SourceQuality "1"]

1. e4 c6 2. d4 d5 3. Nc3 dxe4 4. Nxe4 Bf5 5. Ng3 Bg6 6. h4 h6 7. Nf3 Nd7 8. h5 Bh7 9. Bd3 Bxd3 10. Qxd3 Qc7 11. Bd2 e6 12. 0-0-0 Ngf6 13. Ne4 Nxe4 14. Qxe4 Nf6 15. Qe2 0-0-0 16. Kb1 Bd6 17. Ne5 Kb8 18. Rh3 Ka8 19. f4 Rc8 20. Rd3 Qe7 21. c4 Rcd8 22. Qf3 Qc7 23. Be3 Rhe8 24. g4 Rh8 25. Bf2 Rdf8 26. Rb3 Rb8 27. Rbd3 Rbf8 28. Rb3 Rb8 29. Rdd3 Rbf8 30. Qe3 Re8 31. Qf3 Rb8 32. Be1 Rbc8 33. a4 Rce8 34. a5 a6 35. Bb4 Re7 36. Bxd6 Qxd6 37. g5 hxg5 38. fxg5 Nxh5 39. Nxf7 Qb8 40. Nxh8 Qxh8 41. Qf2 Qh7 42. Qf8+ 1-0

[Event "Hannover Region-ch"]
[Site "Hannover"]
[Date "2007.03.31"]
[Round "7"]
[White "Hellwig, Ralf"]
[Black "Utermark, Dieter"]
[Result "1-0"]
[WhiteElo "1972"]
[BlackElo "1749"]
[PlyCount "65"]
[EventDate "2007.01.13"]
[EventType "swiss"]
[EventRounds "7"]
[EventCountry "GER"]
[SourceTitle "EXT 2021"]
[Source "ChessBase"]
[SourceDate "2020.10.23"]
[SourceVersion "1"]
[SourceVersionDate "2020.10.23"]
[SourceQuality "1"]

1. d4 Nf6 2. Nf3 g6 3. c4 Bg7 4. Nc3 0-0 5. e4 d6 6. Be2 b6 7. 0-0 Bb7 8. Qc2 Nbd7 9. Rd1 c5 10. e5 Ne8 11. e6 fxe6 12. Ng5 Rf6 13. Bg4 Nc7 14. Nce4 Bxe4 15. Qxe4 Nf8 16. Be3 d5 17. Qc2 h6 18. Nf3 cxd4 19. Bxd4 Rf4 20. Bxg7 Kxg7 21. Ne5 Qd6 22. Re1 Qc5 23. Qd2 Qd4 24. Qxd4 Rxd4 25. Bf3 Kf6 26. b3 g5 27. Rac1 Rd2 28. a4 Ng6 29. Nxg6 Kxg6 30. cxd5 Nxd5 31. Rxe6+ Kf7 32. Rce1 Rc8 33. R6e5 1-0

[Event "Hannover Region-ch"]
[Site "Hannover"]
[Date "2006.02.11"]
[Round "3"]
[White "Hellwig, Ralf"]
[Black "Abel, Dennes"]
[Result "0-1"]
[WhiteElo "1955"]
[BlackElo "2246"]
[PlyCount "74"]
[EventDate "2006.01.14"]
[EventType "swiss"]
[EventRounds "7"]
[EventCountry "GER"]
[SourceTitle "EXT 2021"]
[Source "ChessBase"]
[SourceDate "2020.10.23"]
[SourceVersion "1"]
[SourceVersionDate "2020.10.23"]
[SourceQuality "1"]

1. d4 d5 2. Nf3 c6 3. c4 Nf6 4. Nc3 dxc4 5. a4 Bf5 6. e3 e6 7. Bxc4 Bb4 8. Bd2 0-0 9. 0-0 Nbd7 10. Qe2 Qe7 11. e4 Bg6 12. e5 Nd5 13. Bg5 Qe8 14. Ne4 N7b6 15. Bd3 h6 16. Bd2 Qe7 17. a5 Nd7 18. Rfc1 Bxd2 19. Qxd2 Qb4 20. g3 Bxe4 21. Bxe4 Nxe5 22. Qxb4 Nxf3+ 23. Bxf3 Nxb4 24. Rc4 Na6 25. Be2 Rab8 26. Rc3 Nb4 27. a6 b5 28. Bf3 Rb6 29. Rb3 Nc2 30. Rd1 Rd8 31. Be4 Nxd4 32. Rbd3 e5 33. Ra1 Ne2+ 34. Kf1 Rxd3 35. Bxd3 Nd4 36. b4 Kf8 37. Ra3 Ke7 0-1

[Event "Hannover Region-ch op"]
[Site "Hannover"]
[Date "2003.03.15"]
[Round "7"]
[White "Adibekian, Roubik"]
[Black "Hellwig, Ralf"]
[Result "1-0"]
[WhiteElo "2004"]
[BlackElo "1887"]
[PlyCount "89"]
[EventDate "2003.01.25"]
[EventType "swiss"]
[EventRounds "7"]
[EventCountry "GER"]
[SourceTitle "EXT 2022"]
[Source "ChessBase"]
[SourceDate "2021.10.06"]
[SourceVersion "1"]
[SourceVersionDate "2021.10.06"]
[SourceQuality "1"]

1. d4 Nf6 2. Nf3 g6 3. c4 Bg7 4. Nc3 0-0 5. e4 d6 6. Be2 e5 7. d5 Nbd7 8. Bg5 h6 9. Bh4 g5 10. Bg3 Nh5 11. 0-0 a5 12. Ne1 Nf4 13. Nc2 Nc5 14. Ne3 Qf6 15. Bg4 Ng6 16. Bxc8 Raxc8 17. a3 a4 18. f3 Ra8 19. Nf5 Ne7 20. Nxe7+ Qxe7 21. Bf2 Qd7 22. Bxc5 dxc5 23. g4 Ra6 24. Rf2 Rfa8 25. Rc1 Rd6 26. Rcc2 Rb6 27. Qd2 Raa6 28. Qe3 Bf8 29. Rfd2 Rb3 30. Qf2 Rf6 31. Rd3 Bd6 32. h4 Qe7 33. hxg5 hxg5 34. Qe3 Rf4 35. Nxa4 Rxd3 36. Qxd3 Qf6 37. Kg2 Qe7 38. Nc3 Qf8 39. Rc1 Qg7 40. Ne2 Rf6 41. Rh1 Rh6 42. Rxh6 Qxh6 43. Ng3 Qh4 44. Qd2 Kf8 45. Nf5 1-0